Entrada Nombre geográfico
Número de registros utilizados en: 4
001 - NÚMERO DE CONTROL
003 - IDENTIFICADOR DEL NÚMERO DE CONTROL
- campo de control:
DR-UNIBE
005 - FECHA Y HORA DE LA ÚLTIMA TRANSACCIÓN
- campo de control:
20250807110233.0
008 - DATOS DE LONGITUD FIJA
- campo de control de longitud fija:
250807|| aca||aabn | a|a d
040 ## - FUENTE DE LA CATALOGACIÓN
- Centro catalogador/agencia de origen:
DR-UNIBE
- Centro/agencia transcriptor:
DR-UNIBE
151 ## - ENCABEZAMIENTO--NOMBRE GEOGRÁFICO
- Nombre geográfico:
República Dominicana
- Subdivisión general:
Historia
- Subdivisión cronológica:
Ocupación haitiana, 1822-1844
670 ## - FUENTE DE DATOS ENCONTRADOS
- Cita de la fuente:
Work cat.: (DR-UNIBE)114027: Batista Lemaire, Olivier autor 1434, Historia social de la dominación haitiana (1822-1844) / , 2025